000 00709cam a2200277 4500
008 090401t1999 xxu||||| |||| 00| 0 eng d
020 _a0727727125
035 _a(Sirsi) u93528
041 _aeng
050 _a711.7
100 _aSmith, A.J.
245 _aPrivatized infrastructure : the role of government.
260 _aLondon
_bThomas Telford
_c1999
300 _a241p. : ill. ; 24cm.
350 _a50
650 _aBOT PROJECTS
650 _aBUILD OPERATE TRANSFER
650 _aPARTNERSHIP PROJECTS
650 _aPFI
650 _aPRIVATE FINANCE
650 _aPRIVATISED INFRASTRUCTURE
650 _aTRANSPORT
690 _aBUILT ENVIRONMENT
942 _n0
948 _c21/05/1999
999 _c97842
_d97842